000 00577nam a2200181Ia 4500
003 GCL
008 140319s9999 xx 000 0 ara d
040 _aGCL /
_cGCL
082 0 4 _a792.9
_bع م
100 1 _aعبدالعزيز حمودة
245 1 0 _aالمسرح السياسى /
_cعبدالعزيز حمودة
260 _a[S.N] :
_bمكتبة الانجلوالمصرية ،
_c1971
300 _a229 ص
490 _aالهيئة العامة للاستعلامات
_v0
650 0 4 _aالمسرح
650 0 4 _aالمسرحيات السياسية
942 _2ddc
_cBK
999 _c50825
_d50825